01530nam a2200289 a 4500001001000000005001700010008004100027041000800068044000700076084002100083100004500104245005800149260003600207300002900243500012600272500015000398500031100548500005100859500001100910546002500921650005200946650005600998650003401054650004501088700005701133740005001190BRCA_314120190320204130.0050209s1866----fr-a---###---#000-0dfre-u afre afr a445b.G376c18661 aCervantes Saavedra, Miguel ded1547-161610aLe Don Quichotte de la jeunessecMichel de Cervantes. aParísbGarnier Fréresc1866 axvi, 527 p.bil.c25 cm. aContenido : Primera parte. Noticia sobre Cervantes. Prólogo del autor. Texto. Segunda parte. Prólogo del autor. Texto aEdición : Nouvelle edition illustrée de vignettes sur bois d´aprées les dessins de G. Staal, granvées par Pannemacker, Monard, Midderich aTraducción de Florian arreglada para la juventud. Si bien la parte literaria no es recomendable por tantas libertades que es tomó el traductor, la parte ilustrativa es notable, pues está adornada con bonitas láminas y buenos dibujos de G. Staal. Semipiel; lomo adornado con dorados Lúdovik Osterc aCon ex-libris de : Sello de Biblioteca Callico aQM1003 aTexto en : francés14aNovela españolayÉpoca clásica, 1500-170014aLiteratura españolayÉpoca clásica, 1500-170014aNovela españolaySiglo XVII14aDon Quijote (Personaje ficticio)eNovela1 aFlorian, Jean-Pierre Claris ded1755-1794eTraductor0 aEl Ingenioso Hidalgo Don Quijote de la Mancha